| 000 | 00606nam a22001937a 4500 | ||
|---|---|---|---|
| 003 | OSt | ||
| 005 | 20231002121215.0 | ||
| 008 | 231002b |||||||| |||| 00| 0 eng d | ||
| 020 | _a0849386160 | ||
| 040 | _cMUST | ||
| 100 |
_aAdrian A Hopgood _916693 |
||
| 245 | _aKnowledge -Based Systems for Engineers and Scientists. | ||
| 260 |
_aNew York _bCRC Press _c1993 |
||
| 300 |
_b387,ill. _c23cm |
||
| 440 |
_aKnowledge -Based Systems for Engineers and Scientists. _916694 |
||
| 504 | _aIncludes Reference,Preface,Index. | ||
| 650 | _2Knowledge -Based Systems for Engineers and Scientists. | ||
| 942 |
_2z _cBOOK |
||
| 999 |
_c8176 _d8176 |
||